We 'SE' What You Did There.. Quiz Stats

 Plays Quiz Updated Dec 15, 2013

Support Sporcle.
Go Orange.
Score 0/25 Timer 05:00
2 Plays Today
% Correct
Smile
98.7%
Sandcastle
97.5%
Sausage
96.4%
Spade
96.3%
Seahorse
95.7%
Safe
94.9%
Suitcase
94.4%
Smoothie
94.3%
Sponge
94.1%
Snowflake
93.8%
Sundae
92.2%
Saxophone
91.9%
Staircase
91.2%
% Correct
Sunrise
89.1%
Syringe
86.5%
Stethoscope
83.7%
Sapphire
81%
Satellite
77.5%
Sporcle
76.2%
Semicircle
75%
Soufflé
69.6%
Sardine
67.4%
Silhouette
55.6%
Sage
40.8%
Shiitake
37.5%

You're not logged in!

Compare scores with friends on all Sporcle quizzes.
OR
Log In

From the Vault

Animal Collections by Images

by senordingdong

Soon we will induct all of you into the Sporcle collective. Term pending.
Remove Ads.
Support Sporcle.
Get the best of Sporcle when you Go Orange. This ad-free experience offers more features, more stats, and more fun while also helping to support Sporcle. Thank you for becoming a member.

Show Comments

Extras

Top Quizzes Today


Score Distribution

Your Account Isn't Verified!

In order to create a playlist on Sporcle, you need to verify the email address you used during registration. Go to your Sporcle Settings to finish the process.

Report this User

Report this user for behavior that violates our Community Guidelines.

Details: